David Livingstone : (Record no. 10432)

MARC details
000 -LEADER
fixed length control field 01200cam a2200313Ia 4500
001 - CONTROL NUMBER
control field 43355269
003 - CONTROL NUMBER IDENTIFIER
control field OCoLC
005 - DATE AND TIME OF LATEST TRANSACTION
control field 20241126110732.0
008 - FIXED-LENGTH DATA ELEMENTS--GENERAL INFORMATION
fixed length control field 000127s1999 waub c b 000 0beng d
020 ## - INTERNATIONAL STANDARD BOOK NUMBER
International Standard Book Number 1576581535 (pbk.) :
040 ## - CATALOGING SOURCE
Original cataloging agency SBI
Transcribing agency SBI
Modifying agency DPL
043 ## -
-- f------
082 ## - DEWEY DECIMAL CLASSIFICATION NUMBER
Classification number 266.0092
Item number BEN
092 ## - LOCALLY ASSIGNED DEWEY CALL NUMBER (OCLC)
Classification number BIO LIVIN
100 1# - MAIN ENTRY--PERSONAL NAME
Personal name Benge, Janet,
Dates associated with a name 1958-
9 (RLIN) 17368
245 10 - TITLE STATEMENT
Title David Livingstone :
Remainder of title Africa's trailblazer /
Statement of responsibility, etc. Janet & Geoff Benge
260 ## - PUBLICATION, DISTRIBUTION, ETC.
Place of publication, distribution, etc. Seattle, WA :
Name of publisher, distributor, etc. YWAM Pub.,
Date of publication, distribution, etc. c1999
300 ## - PHYSICAL DESCRIPTION
Extent 215 p. :
Other physical details 1 map ;
Dimensions 21 cm
490 1# - SERIES STATEMENT
Series statement Christian heroes, then & now
504 ## - BIBLIOGRAPHY, ETC. NOTE
Bibliography, etc. note Includes bibliographical references (p. 215)
520 ## - SUMMARY, ETC.
Summary, etc. With the heart of an explorer and the passion of an evangelist, David Livingstone mapped vast, unexplored areas of Africa, sharing the gospel with whomever he encountered
600 10 - SUBJECT ADDED ENTRY--PERSONAL NAME
Personal name Livingstone, David,
Dates associated with a name 1813-1873
Form subdivision Juvenile literature
9 (RLIN) 18131
650 #0 - SUBJECT ADDED ENTRY--TOPICAL TERM
Topical term or geographic name entry element Missionaries
Geographic subdivision Africa
Form subdivision Biography
-- Juvenile literature
9 (RLIN) 18132
650 #0 - SUBJECT ADDED ENTRY--TOPICAL TERM
Topical term or geographic name entry element Christian biography
Form subdivision Juvenile literature
9 (RLIN) 18133
655 #0 - INDEX TERM--GENRE/FORM
Genre/form data or focus term Biography
9 (RLIN) 5066
700 1# - ADDED ENTRY--PERSONAL NAME
Personal name Benge, Geoff,
Dates associated with a name 1954-
9 (RLIN) 17373
830 #0 -
-- Christian heroes, then & now
-- 17374
942 ## - ADDED ENTRY ELEMENTS (KOHA)
Source of classification or shelving scheme Dewey Decimal Classification
Koha item type Books
Koha issues (borrowed), all copies 3
Holdings
Withdrawn status Lost status Source of classification or shelving scheme Damaged status Not for loan Home library Current Library Shelving location Date acquired Total checkouts Total renewals Full call number Barcode Date last seen Date last checked out Copy number Price effective from Koha item type
    Dewey Decimal Classification     GRACE BIBLE COLLEGE GRACE BIBLE COLLEGE Ministry & Mission 2024-07-18 11 1 266.0092 BEN 016953 2026-03-02 2026-02-19 c.1 2024-07-18 Books
© Grace Bible College Library 2025